000 00674cam a2200157 a 4500
020 _a1852930071 :
082 0 0 _a358.27282091724
_bPET
_cL-39 , P-144
245 0 0 _aPetroleum resources and development :
_beconomic, legal, and policy issues for developing countries /
_cedited by Kameel I.F. Khan.
260 _aLondon ;
_aNew York :
_bBelhaven Press ;
_a[New York :
_bDistributed by Columbia University Press],
_c1988, c1987.
300 _axiii, 277 p. :
_bill. ;
_c24 cm.
526 _a0
_b0
_c0
_d358_272820917240000_PET
650 0 _aNUST
_96342
650 0 _aPetroleum industry and trade
_zDeveloping countries.
_937984
700 1 _aKhan, Kameel I. F.,
_937985
942 _2ddc
_cBK
999 _c542699
_d542699